Emergency room / (Record no. 34261)
[ view plain ]
| 000 -LEADER | |
|---|---|
| fixed length control field | 01123cam a22003615a 4500 |
| 001 - CONTROL NUMBER | |
| control field | 17260535 |
| 003 - CONTROL NUMBER IDENTIFIER | |
| control field | OSt |
| 005 - DATE AND TIME OF LATEST TRANSACTION | |
| control field | 20140310184422.0 |
| 008 - FIXED-LENGTH DATA ELEMENTS--GENERAL INFORMATION | |
| fixed length control field | 120418s1994 nyu j 000 1 eng d |
| 010 ## - LIBRARY OF CONGRESS CONTROL NUMBER | |
| LC control number | 2012379603 |
| 020 ## - INTERNATIONAL STANDARD BOOK NUMBER | |
| International Standard Book Number | 0590457403 (pbk.) |
| 020 ## - INTERNATIONAL STANDARD BOOK NUMBER | |
| International Standard Book Number | 9780590457408 (pbk.) |
| 035 ## - SYSTEM CONTROL NUMBER | |
| System control number | (OCoLC)ocm30457356 |
| 040 ## - CATALOGING SOURCE | |
| Original cataloging agency | ZZC |
| Transcribing agency | ZZC |
| Modifying agency | SLC |
| -- | TCA |
| -- | OCL |
| -- | BAKER |
| -- | BTCTA |
| -- | OCLCQ |
| -- | ZXN |
| -- | OCLCQ |
| -- | CN4X3 |
| -- | DLC |
| 042 ## - AUTHENTICATION CODE | |
| Authentication code | lccopycat |
| 050 00 - LIBRARY OF CONGRESS CALL NUMBER | |
| Classification number | PZ 7 |
| Item number | .C775 1994 |
| 100 1# - MAIN ENTRY--PERSONAL NAME | |
| Personal name | Cooney, Caroline B. |
| 9 (RLIN) | 19795 |
| 245 10 - TITLE STATEMENT | |
| Title | Emergency room / |
| Statement of responsibility, etc | Caroline B. Cooney. |
| 260 ## - PUBLICATION, DISTRIBUTION, ETC. (IMPRINT) | |
| Place of publication, distribution, etc | New York : |
| Name of publisher, distributor, etc | Scholastic, |
| Date of publication, distribution, etc | 1994. |
| 300 ## - PHYSICAL DESCRIPTION | |
| Extent | 213 p. : |
| Dimensions | 18 cm. |
| 490 0# - SERIES STATEMENT | |
| Series statement | Point |
| 521 ## - TARGET AUDIENCE NOTE | |
| Target audience note | |
| 526 ## - STUDY PROGRAM INFORMATION NOTE | |
| Reading level | 720 |
| 650 #0 - SUBJECT ADDED ENTRY--TOPICAL TERM | |
| Topical term or geographic name as entry element | Hospitals |
| General subdivision | Emergency services |
| Form subdivision | Fiction. |
| 9 (RLIN) | 26762 |
| 650 #1 - SUBJECT ADDED ENTRY--TOPICAL TERM | |
| Topical term or geographic name as entry element | Hospitals |
| General subdivision | Emergency services |
| Form subdivision | Fiction. |
| 9 (RLIN) | 26763 |
| 655 #7 - INDEX TERM--GENRE/FORM | |
| Genre/form data or focus term | Medical novels. |
| Source of term | gsafd |
| 9 (RLIN) | 14257 |
| 710 2# - ADDED ENTRY--CORPORATE NAME | |
| Corporate name or jurisdiction name as entry element | Copyright Paperback Collection (Library of Congress) |
| Institution to which field applies | DLC |
| 9 (RLIN) | 705 |
| 906 ## - LOCAL DATA ELEMENT F, LDF (RLIN) | |
| a | 0 |
| b | ibc |
| c | copycat |
| d | 2 |
| e | ncip |
| f | 20 |
| g | y-genrareb |
| 942 ## - ADDED ENTRY ELEMENTS (KOHA) | |
| Source of classification or shelving scheme | Library of Congress Classification |
| Koha item type | |
| Withdrawn status | Lost status | Source of classification or shelving scheme | Damaged status | Home library | Current library | Shelving location | Date acquired | Total Checkouts | Full call number | Barcode | Date last seen | Copy number | Price effective from | Koha item type |
|---|---|---|---|---|---|---|---|---|---|---|---|---|---|---|
| Library of Congress Classification | Luxembourg Library | Luxembourg Library | Scholastic Reading Center Section | 10/09/2013 | PZ 7 .C775 1994 | LEX2431 | 04/18/2017 | 1 | 10/09/2013 | Books | ||||
| Library of Congress Classification | Luxembourg Library | Luxembourg Library | Scholastic Reading Center Section | 10/09/2013 | PZ 7 .C775 1994 | LEX2432 | 04/18/2017 | 2 | 10/09/2013 | Books |